Výstava děl Petra Jana Brandla pořádaná Krasoumnou jednotou pro Čechy a Kroužkem přátel umění malířského : Rudolfinum, září - říjen 1911

Korporativní autor: Galerie Rudolfinum (Praha, Česko)
Další autoři: Brandl, Petr, 1668-1735
Jazyk: Čeština
Vydáno: Praha : [s.n.], 1911
Fyzický popis: 1 sešit
Knihy
Uloženo v:
LEADER 00882nam a2200217 a 4500
001 000644798
003 CZ BrMZK
005 20030115093159.0
007 ta
008 030109s1911 xr f cze d
040 |a BOA001  |b cze  |c BOA001 
245 0 0 |a Výstava děl Petra Jana Brandla pořádaná Krasoumnou jednotou pro Čechy a Kroužkem přátel umění malířského :  |b Rudolfinum, září - říjen 1911 
260 |a Praha :  |b [s.n.],  |c 1911  |f (Dělnická knihtiskárna) 
300 |a 1 sešit 
700 1 |a Brandl, Petr,  |d 1668-1735  |7 jn20011018090  |4 hnr 
710 2 |a Galerie Rudolfinum (Praha, Česko)  |7 kn20010724235 
910 |a BOA001  |b 1-0075.718 
990 |a BK 
993 |a Y 
996 6 |b 2619305067  |c 1-0075.718  |l MZK  |r Sklad / do 1 hodiny  |n 4  |w 000644798  |u 000010  |a 1  |e BOA001  |j MZK50  |s P 
996 6 |b 2619325293  |c 1-0075.718  |l MZK  |r Sklad / do 1 hodiny  |n 1  |w 000644798  |u 000020  |a 1  |e BOA001  |j MZK50  |s P